| 000 | 00785cam a22002531 4500 | ||
|---|---|---|---|
| 001 | 17418 | ||
| 003 | BD-RjUL | ||
| 005 | 20211209000133.0 | ||
| 008 | 140217s1957 maua j 000 0 eng d | ||
| 035 | _a(BD-RjUL)17476 | ||
| 035 | _a(OCoLC)5062691 | ||
| 040 |
_aDLC _cCLSU _dDLC _dBD-RjUL _beng |
||
| 041 | _aeng | ||
| 082 |
_a333.72 _bJOO 1957 |
||
| 100 | 1 |
_aJohnson, H. Nat. _953671 |
|
| 245 | 1 | 0 |
_aOutdoors : _badventures in conservation / _c H. Nat Johnson [and] Alice Hermina Poatgieter. |
| 260 |
_aBoston : _bHoughton Mifflin, _cc1957 |
||
| 300 |
_a185 p. : _billus. ; _c23 cm. |
||
| 650 | 0 |
_aConservation of natural resources _xJuvenile literature _953672 |
|
| 700 | 1 |
_aPoatgieter, Alice Hermina, _953673 |
|
| 942 |
_2ddc _cBK |
||
| 999 |
_c17418 _d17418 |
||